2023 Pro Bowl Predictions - Statistics

General Stats
  • This quiz has been taken 171 times
    170 since last reset
  • The average score is 32 of 92
Answer Stats
Conf. Pos. Answer % Correct
AFC QB Patrick Mahomes
96%
AFC QB Josh Allen
89%
AFC QB Lamar Jackson
83%
AFC WR Keenan Allen
75%
NFC DT Jonathan Allen
72%
AFC QB Justin Herbert
71%
AFC RB Derrick Henry
70%
AFC TE Travis Kelce
70%
NFC QB Aaron Rodgers
68%
NFC C Jason Kelce
65%
AFC CB J.C. Jackson
65%
NFC OG Jonah Jackson
65%
AFC WR Tyreek Hill
64%
AFC RB Nick Chubb
62%
NFC QB Tom Brady
61%
NFC WR Justin Jefferson
59%
AFC WR Ja'Marr Chase
57%
NFC WR Amon-Ra St. Brown
53%
NFC CB Trevon Diggs
52%
NFC WR A.J. Brown
51%
AFC TE Mark Andrews
51%
AFC WR Stefon Diggs
51%
NFC RB Aaron Jones
50%
AFC WR Davante Adams
50%
AFC RB Jonathan Taylor
50%
NFC OT Tyron Smith
50%
NFC OLB Za'Darius Smith
50%
AFC DT Chris Jones
49%
AFC DE Chandler Jones
47%
NFC TE George Kittle
47%
AFC OT Orlando Brown
47%
NFC WR Cooper Kupp
45%
NFC QB Matthew Stafford
45%
AFC WR Jaylen Waddle
42%
AFC RB Joe Mixon
42%
NFC QB Kyler Murray
42%
NFC RB Dalvin Cook
41%
NFC WR Deebo Samuel
41%
AFC OLB T.J. Watt
41%
AFC OLB Joey Bosa
40%
NFC DE Nick Bosa
40%
NFC OT Trent Williams
39%
NFC DT Aaron Donald
36%
NFC CB Jalen Ramsey
36%
AFC DE Myles Garrett
33%
NFC RB Alvin Kamara
32%
NFC MLB Fred Warner
31%
NFC WR Mike Evans
29%
AFC SS Derwin James
28%
AFC OLB Khalil Mack
27%
NFC MLB Micah Parsons
26%
AFC FB Patrick Ricard
26%
AFC OG Quenton Nelson
26%
NFC RB D'Andre Swift
24%
NFC TE Kyle Pitts
23%
AFC DE Maxx Crosby
23%
NFC OG Zack Martin
23%
NFC CB Darius Slay
21%
AFC DT DeForest Buckner
20%
AFC DT Cameron Heyward
19%
AFC DT Jeffery Simmons
19%
AFC OG Joel Bitonio
19%
NFC DE Cameron Jordan
18%
AFC CB Kenny Moore
18%
NFC SS Budda Baker
17%
AFC C Corey Linsley
17%
NFC FB Kyle Juszczyk
17%
NFC CB Marshon Lattimore
17%
AFC OT Rashawn Slater
17%
AFC CB Xavien Howard
17%
AFC MLB Shaquille Leonard
16%
NFC OT Tristan Wirfs
15%
AFC SS Jordan Poyer
14%
AFC CB Stephon Gilmore
14%
NFC FS Tyrann Mathieu
13%
NFC DE Chase Young
11%
NFC DT Kenny Clark
11%
AFC FS Kevin Byard
11%
AFC DE Trey Hendrickson
11%
AFC OG Wyatt Teller
11%
NFC DT Fletcher Cox
10%
NFC OLB Robert Quinn
10%
NFC OG Brandon Scherff
9%
NFC DE Brian Burns
9%
AFC C Ryan Kelly
9%
NFC SS Antoine Winfield
8%
NFC OLB Shaquil Barrett
8%
AFC OT Dion Dawkins
5%
NFC OG Ali Marpet
4%
AFC MLB Denzel Perryman
2%
NFC C Ryan Jensen
2%
AFC OG Rodger Saffolds
0%
No matching quizzes found
Score Distribution
Percent of People with Each Score
Percentile by Number Answered
Your Score History
You have not taken this quiz since the last reset